000 00433nam a2200133 a 4500
008 120416s1985 ||||||||||||||||| || u
050 _aPR 6068.06F5
100 _aRoberts, Cecil
245 1 2 _aA flight of birds
260 _aLondon
_bHodder and Stoughton
_c1985
300 _a255p.
350 _a0.00
995 _D0.00
_FCBU-MAIN LIBRARY (Kitwe)
_H1
_I2.95
_UAVAILABLE
_ZFiction Collection
999 _c43628
_d43628